1960 1731 1387 1824 1464 1999 1055 1816 1303 1556 1002 1570 1927 1993 1106 1479 1878 1784 1602 1056 1970 1068 1252 1493 1022 1246 1424 1319 1094 1989 1075 1266 1677 1218 1658 1345 1329 1652 1298 1136 1194 1346 1197 1970 1978 1492 1425 1005 1809 1380 1498 1094 1140 1407 1892 1760 1925 1705 1772 1413 1633 1802 1665 1159 1030 1941 1266 1354 1780 1845 1304 1758 1711 1351 1137 1232 1671 1828 1841 1809 1527 1399 1784 1199 1516 1235 1648 1049 1455 1843 1165 1363 1108 1170 1178 1822 1729 1498 1975 BCNSPRNW ULIB Ver.6.0+V

เปลี่ยนเป็นภาษาไทย

Change to English
 แสดงรายละเอียดบรรณานุกรม
  กลับหน้าหลัก

Brief Record : Get Marc (ISO 2709) : E-mail record : QR code < ปิดหน้าต่าง
LEADER : 00000nam 2200000uu 4500
001    13399127744
003     ULIB
008    210518s2557||||th 000 0 tha d
020    ู^a9786163691446
050    ^aนว^bซ119ม^cล.4
100    ^aซ็อลบง
245    ^aมหากาพย์เทพมรณะ เล่ม 4
250    ^aพิมพ์ครั้งที่ 1
260    ^aกรุงเทพฯ :^bสยามอินเตอร์บุ๊คส์,^c2557
300    ^a239 หน้า;^b21 ซม.
650    ^aนวนิยาย
945    ^p200^l0^i008055
999    ^aประนอม เกษจรัล
รายการนี้ยังไม่มีแท็ก
คุณยังไม่ได้ล็อกอิน คุณสามารถมีกิจกรรมร่วมกับเว็บไซต์ได้ แต่ต้องล็อกอินก่อน ::
  ล็อกอิน

รายการสื่อสารสนเทศ

ลำดับที่ ประเภท เลขเรียก/บาร์โค้ด สถานที่ สถานะ
1. นวนิยาย
นวนิยาย
นว ซ119ม ล.4 ฉ.1 
  Barcode: 008055
ห้องสมุดวิทยาเขตนครสวรรค์
►นวนิยาย:l:Fiction
บนชั้น
Note:บริจาค

รายการใกล้เคียง
    ผู้แต่ง [ซ็อลบง]

    หัวเรื่อง [นวนิยาย]

BibComment


ยังไม่เคยถูกคอมเมนท์

คอมเมนท์ทรัพยากรรายการนี้
  คอมเมนท์: มหากาพย์เทพมรณะ ..


 Copyright 2026. Bcnsprnw @Library